01668cam a22003974i 4500003000900000005001700009008004100026035001900067040003300086082002000119100003000139245005300169264004300222300003800265336002100303337002500324338002300349505022300372526001000595526001000605526001000615526001000625526000800635526000800643526000800651526000800659526000800667526000800675526000800683942001400691949014300705596000600848999017700854980005501031952018401086PE-LiUPU20250731173208.0150625s1982 sp r 000 0 spa d a(Sirsi) a31587 aPE-LiUPUbspacPE-LiUPUerda04a220.63bBEB2211 aSchurmann, Heinz,eautor.11a¿Como Entendio y Vivio Jesús su Muerte? n42. 1aSalamanca :bEdiciones Sigueme,c1982. a166 páginas ;c21 centímetros atext2rdacontent aunmediated2rdamedia avolume2rdacarrier0 aComo entendio y supero Jesus su muerte -- La supervivencia de la causa de Jesusen la comida pospascual del Señor -- La ley de Cristo (Gal. 6, 2) -- Panoramica: El Cristo proexistente, ¿centro de la fe del mañana?. aSEG42 aSEG41 aSEG40 aSEG39 aP94 aP87 aP86 aP85 aP77 aP76 aP35 2ddccBOOK a220.63 BEB 42wDEWEYc1i37098lCCODEBUL1mBULp30.00r0sYtBOOKu2015-06-25xBIBLIOTECAzUNKNOWN0COMPRAo.STAFF. Colección Teología a1 a220.63 BEB 42wDEWEYc39152i37098d39152e2016-10-16f2021-11-11g5lCCODEBUL1mBULn1p30.00r0sYtBOOKu2015-6-25xTEOLOGIAPP350COMPRAo.STAFF. Colección Teología 81gALBERTO SANCHEZ Responsable de Automatización r2025-12-02 00:00:00i6l2o220.63 BEB 42p37098s2023-04-14te1v35.00w2015-06-25xFTyBKzinventario-2023-12-13102ddc50708GENfP35aBULbBULcGENd2015-06-25eCOMPRAg30.00